京浜急行電鉄の駅(五十音順) - Statistics

General Stats
  • This quiz has been taken 40 times
  • The average score is 59 of 73
Answer Stats
ヒント Answer % Correct
本線/逗子線 金沢八景
100%
本線 金沢文庫
100%
本線/空港線 京急蒲田
100%
本線/大師線 京急川崎
100%
本線 京急東神奈川
100%
逗子線 逗子・葉山
100%
本線 浦賀
96%
本線 追浜
96%
本線 神奈川
96%
本線 上大岡
96%
本線 北品川
96%
久里浜線 京急久里浜
96%
本線 京急鶴見
96%
空港線 羽田空港第3ターミナル
96%
本線 青物横丁
92%
空港線 穴守稲荷
92%
本線 神奈川新町
92%
本線 京急新子安
92%
本線 鮫洲
92%
本線 品川
92%
本線 新馬場
92%
空港線 天空橋
92%
久里浜線 三浦海岸
92%
久里浜線 三崎口
92%
空港線 羽田空港第1・第2ターミナル
92%
大師線 川崎大師
88%
本線 京急田浦
88%
本線 京急富岡
88%
大師線 小島新田
88%
本線/久里浜線 堀ノ内
88%
本線 横須賀中央
88%
本線 大森海岸
83%
本線 子安
83%
逗子線 神武寺
83%
久里浜線 YRP野比
83%
空港線 大鳥居
79%
本線 大森町
79%
久里浜線 北久里浜
79%
空港線 糀谷
79%
本線 泉岳寺
79%
本線 平和島
79%
本線 逸見
79%
本線 馬堀海岸
79%
本線 南太田
79%
逗子線 六浦
79%
本線 安針塚
75%
本線 梅屋敷
75%
本線 県立大学
75%
本線 黄金町
75%
本線 杉田
75%
大師線 鈴木町
75%
本線 鶴見市場
75%
本線 横浜
75%
本線 花月総持寺
71%
久里浜線 京急長沢
71%
本線 汐入
71%
久里浜線 津久井浜
71%
本線 戸部
71%
本線 六郷土手
71%
本線 井土ヶ谷
67%
本線 弘明寺
67%
久里浜線 新大津
67%
本線 立会川
67%
本線 生麦
67%
本線 能見台
67%
本線 八丁畷
67%
本線 日ノ出町
67%
本線 雑色
63%
大師線 大師橋
63%
大師線 港町
63%
本線 京急大津
58%
本線 屏風浦
58%
大師線 東門前
54%
No matching quizzes found
Score Distribution
Percent of People with Each Score
Percentile by Number Answered
Your Score History
You have not taken this quiz